[Event "Tilburg rapid20"]
[Site "Tilburg"]
[Date "1994.??.??"]
[Round "1"]
[White "Mokry, Karel"]
[Black "Vyzmanavin, Alexey"]
[Result "1-0"]
[WhiteElo "2530"]
[BlackElo "2610"]

1.e4 c5 2.Nf3 e6 3.d4 cxd4 4.Nxd4 a6 5.Bd3 Qc7 6.O-O Nf6 7.Qe2 d6 8.c4 g6
9.b3 Bg7 10.Bb2 O-O 11.Nc3 b6 12.Rad1 Bb7 13.Bb1 Nbd7 14.f4 Rfe8 15.Nf3 Rad8
16.Kh1 Nc5 17.Rfe1 Ba8 18.Qf2 Qe7 19.b4 Ncd7 20.Qd2 Nf8 21.a3 Qc7 22.Ba2 h6
23.Qf2 N8h7 24.f5 gxf5 25.exf5 e5 26.Nd5 Nxd5 27.cxd5 Nf6 28.Rc1 Qd7 29.Nh4 b5
30.Rcd1 Rc8 31.Bb3 Kh7 32.h3 Rg8 33.g4 Rc7 34.Nf3 Rgc8 35.Kh2 Kg8 36.Re2 Rc4
37.Bxc4 Rxc4 38.Qb6 Bxd5 39.Rxd5 Nxd5 40.Qxa6 Qc6 41.Qxc6 Rxc6 42.Ne1 Nb6
43.Nd3 f6 44.h4 Kf7 45.Kg2 Na4 46.Ba1 Rc4 47.Kg3 h5 48.gxh5 Bh6 49.Bb2 Nxb2
50.Nxb2 Rc3+ 51.Kg2 d5 52.a4 Rb3 53.a5 d4 54.Rc2 Ke8 55.Nd1 Kd7 56.Nf2 Rxb4
57.Ra2 Ra4 58.Rb2 Kc6 59.Ng4 Bg7 60.h6 Bh8 61.Rc2+ Rc4 62.Ra2 d3 63.Ne3 Ra4
64.Rd2 e4 65.Kg3 Kc5 66.Kf4 Kd4 67.Rg2 Rxa5 68.Rg8 Ra2 69.Rd8+ Kc3 70.Rxh8 Rf2+
71.Kxe4 Rh2 72.Rd8 Rxh4+ 73.Kf3 Rxh6 74.Nd5+ Kc4 75.Nf4 b4 76.Nxd3 b3 77.Nb2+ Kc3
78.Nd1+ Kc2 79.Ne3+ Kc3 80.Rc8+ Kd2 81.Nc4+ Kd3 82.Nb2+ Kd2 83.Ke4 Rh2 84.Kd5 Re2
85.Kd4 Re7 86.Nc4+ Kd1 87.Kc3 Rb7 88.Rc6 Rf7 89.Re6 Rb7 90.Nb2+  1-0

[Event "Tiraspol"]
[Site "Tiraspol"]
[Date "1994.??.??"]
[Round "6"]
[White "Saltaev, Mihail"]
[Black "Vasiukov, Evgeni"]
[Result "1-0"]
[WhiteElo "2480"]
[BlackElo "2505"]

1.e4 c5 2.Nf3 e6 3.d4 cxd4 4.Nxd4 a6 5.Bd3 Qb6 6.Nb3 Qc7 7.O-O Nc6 8.Nc3 Nf6
9.f4 d6 10.Qf3 Be7 11.Bd2 O-O 12.Rae1 Rd8 13.Kh1 g6 14.a3 Bf8 15.Qh3 d5 16.f5 dxe4
17.fxg6 exd3 18.Ne4 fxg6 19.Nxf6+ Kh8 20.Bg5 e5 21.Nd5 Qd6 22.Qh4 Be6 23.Bxd8 Rxd8
24.Nf6 Qc7 25.c4 Qg7 26.Nd5 Bxd5 27.cxd5 Rxd5 28.Qe4 Rb5 29.Qxd3 Qg8 30.Nd2 Rxb2
31.Ne4 Be7 32.Qd7 Qd8 33.Qe6 Rb5 34.Rf7 Rd5 35.Qh3 Qg8 36.Rxe7 Nxe7 37.Nf6 Qf7
38.Nxd5 Qxd5 39.Qe3 Nc6 40.h3 Kg7 41.Rf1 Qd6 42.Qb6 Qe7 43.Rb1 Nd8 44.a4 h5
45.Rd1 Nc6 46.Rb1 Nd8 47.Qe3 Nc6 48.Rb6 Qf7 49.Qe1 Kh7 50.Qb1 Nd8 51.Rd6 Nc6
52.Kg1 Kg7 53.Qe4 Kh6 54.Qd3 Nd4 55.Qe3+ Kh7 56.Qxe5 Nf5 57.Rd8  1-0

[Event "Werfen op"]
[Site "Werfen"]
[Date "1994.??.??"]
[Round "?"]
[White "Kruppa, Yuri"]
[Black "Weiss, Christian"]
[Result "1/2-1/2"]
[WhiteElo "2545"]
[BlackElo "2240"]

1.e4 c5 2.Nf3 e6 3.d4 cxd4 4.Nxd4 a6 5.Bd3 Qc7 6.O-O Nc6 7.Nxc6 dxc6 8.f4 Bc5+
9.Kh1 Nf6 10.e5 Nd5 11.Qg4 f5 12.exf6 Nxf6 13.Qg5 Qe7 14.Nd2 O-O 15.c4 e5
16.Nb3 Nd7 17.Nxc5 Qxc5 18.fxe5 Rxf1+ 19.Bxf1 Qxe5 20.Qd8+ Kf7 21.Bg5 h6
22.Bh4 Qe8 23.Qa5 Qe5 24.Qa3 Qc5 25.Qf3+ Nf6 26.Bxf6 gxf6 27.Qf4 Bf5 28.Qxh6 Rd8
29.Qh5+ Kg8 30.Rc1 Qf2 31.c5 Kg7 32.Bc4 Bg6 33.Qf3 Qxc5 34.Qc3 b5 35.Bb3 Qxc3
36.bxc3 Rd2 37.Rd1 Rb2 38.Rd7+ Kh6 39.Kg1 a5 40.g3 a4 41.Be6 Be4 42.Rd8 f5
43.Rg8 Kh7 44.h4 Bd5 45.Bxd5 cxd5 46.Rd8 Rxa2 47.Rxd5 Rb2 48.Rd7+ Kg6 49.Ra7 Rc2
50.Ra5 Rxc3 51.Rxb5 Rxg3+ 52.Kh2 Rb3 53.Ra5 a3 54.Kg2 Kh5 55.Rxf5+  1/2-1/2

[Event "Wrexham"]
[Site "Wrexham"]
[Date "1994.??.??"]
[Round "?"]
[White "Abbasi, Nasser M"]
[Black "Bezold, Michael"]
[Result "0-1"]
[WhiteElo "2280"]
[BlackElo "2475"]

1.e4 c5 2.Nf3 e6 3.d4 cxd4 4.Nxd4 a6 5.Bd3 Bc5 6.Nb3 Ba7 7.O-O Nc6 8.Qe2 d6
9.Be3 Nf6 10.c4 O-O 11.Nc3 Qc7 12.Rac1 Bxe3 13.Qxe3 Ne5 14.Rfd1 b6 15.f4 Ng6
16.g3 Bb7 17.Nd4 Rfe8 18.b4 Rad8 19.Nb3 Ba8 20.Be2 h5 21.Bf3 Qb8 22.b5 axb5
23.cxb5 e5 24.f5 Ne7 25.Qg5 Rc8 26.Nd2 Rc5 27.Nb3 Rc7 28.Rxd6 Rxc3 29.Rxf6 Rxf3
30.Rxf7 Kxf7 31.Qxh5+ Kf8 32.Qxf3 Ng8 33.g4 Nf6 34.g5 Nxe4 35.Qh5 Qd8 36.f6 gxf6
37.g6 Ng5 38.Qh8+ Ke7 39.Qg7+ Ke6 40.Rf1 Nh3+  0-1

[Event "Zabrzanski Wrzesien op"]
[Site "Zabrzanski Wrzesien"]
[Date "1994.??.??"]
[Round "?"]
[White "Kruszynski, Wlodzimierz"]
[Black "Goj, Artur"]
[Result "1/2-1/2"]
[WhiteElo "2375"]
[BlackElo "2295"]

1.e4 c5 2.Nf3 e6 3.d4 cxd4 4.Nxd4 a6 5.Bd3 Nc6 6.Nxc6 dxc6 7.O-O e5 8.Nd2 Ne7
9.Nc4 Ng6 10.Qh5 Bc5 11.Kh1 Qe7 12.g3 Qe6 13.Be3 Bxe3 14.fxe3 b5 15.Nb6 Rb8
16.Nxc8 Rxc8 17.a4 O-O 18.Qf5 Qd6 19.axb5 axb5 20.Ra6 Qc5 21.Qd7 Qxe3 22.Rxc6 Rxc6
23.Qxc6 h5 24.Bxb5 h4 25.Bc4 Qg5 26.Rxf7 Rxf7 27.Qe8+ Kh7 28.Bxf7 Ne7 29.Be6 hxg3
30.hxg3 Qc1+ 31.Kg2 Qd2+ 32.Kf3 Qd1+ 33.Ke3 Qd4+ 34.Kf3 Qd1+ 35.Kg2 Qd2+
36.Kf3  1/2-1/2

[Event "Ibercaja op"]
[Site "Zaragoza"]
[Date "1994.??.??"]
[Round "1"]
[White "Eslon, Jaan"]
[Black "Vehi Bach, Victor Manuel"]
[Result "1/2-1/2"]
[WhiteElo "2425"]
[BlackElo "2420"]

1.e4 c5 2.Nf3 e6 3.d4 cxd4 4.Nxd4 a6 5.Bd3 Bc5 6.Nb3 Ba7 7.Qe2 Nc6 8.Be3 d6
9.Bxa7 Rxa7 10.Qe3 Nge7 11.Nc3 O-O 12.O-O b5 13.Rad1 b4 14.Nd5 Nxd5 15.exd5 exd5
16.Nd4 Rc7 17.Nxc6 Rxc6 18.Qd4 a5 19.Qxd5 Rc5 20.Qd4 Bb7 21.f4 h6 22.Rfe1 Qc7
23.Rd2 Bc8 24.Re3 Bf5 25.Bxf5 Rxf5 26.a3 Rb8 27.g3 Rc5 28.axb4 axb4 29.Qe4 Rc4
30.Qd3 Rc8 31.Ree2 Qc5+  1/2-1/2

[Event "Ibercaja op"]
[Site "Zaragoza"]
[Date "1994.??.??"]
[Round "5"]
[White "Piza Cortizo, Daniel"]
[Black "Damljanovic, Branko"]
[Result "0-1"]
[WhiteElo "2295"]
[BlackElo "2560"]

1.e4 c5 2.Nf3 e6 3.d4 cxd4 4.Nxd4 a6 5.Bd3 Bc5 6.Nb3 Ba7 7.Nc3 Nc6 8.Qe2 Nge7
9.Be3 Bxe3 10.Qxe3 d5 11.exd5 exd5 12.Ne2 O-O 13.O-O Re8 14.Ned4 a5 15.a4 Bd7
16.Rfe1 Nb4 17.Nc5 Nec6 18.Qf4 Rxe1+ 19.Rxe1 Nxd4 20.Qxd4 Bc6 21.c3 Nxd3
22.Nxd3 h6 23.h3 Qg5 24.Re3 Qf5 25.Rg3 f6 26.Re3 Re8 27.Rxe8+ Bxe8 28.b3 Bc6
29.f3 Kf7 30.Kf2 g5 31.g4 Qe6 32.Qe3 Qxe3+ 33.Kxe3 Ke6 34.Kd4 b6 35.Nc1 Be8
36.Nd3 Bg6 37.b4 Kd6 38.bxa5 bxa5 39.Nb2 Kc6 40.c4 Bf7 41.c5 Bg6 42.Nd1 Bc2
43.Ne3 Bxa4 44.Nxd5 Bb3 45.Nxf6 a4 46.Ne4 a3 47.Kc3 Bd5 48.Ng3 Kxc5 49.Nf5 Be6
50.Ng3 Kd6 51.Ne4+ Ke5 52.Nc5 a2 53.Nd3+ Kf6 54.Kb2 Bc4 55.Nc5 Ke5 56.Ne4 Kf4
57.Nd6 Be6 58.Ka1 Kxf3 59.Nf5 Kf4 60.Nd4 Bxg4 61.hxg4 Kxg4  0-1

[Event "London SCCU op"]
[Site "London"]
[Date "1995.08.??"]
[Round "3"]
[White "Dutta, Shyamol"]
[Black "Lund, D Brett"]
[Result "1-0"]
[WhiteElo "2110"]
[BlackElo "2280"]

1.e4 c5 2.Nf3 e6 3.d4 cxd4 4.Nxd4 a6 5.Bd3 Nf6 6.O-O d6 7.c4 b6 8.Nc3 Bb7
9.f4 g6 10.f5 gxf5 11.exf5 Rg8 12.g3 e5 13.Nc2 Nbd7 14.Be2 Rc8 15.Ne3 b5
16.cxb5 axb5 17.Ncd5 Rc5 18.Nxf6+ Nxf6 19.b4 Rc3 20.Bxb5+ Ke7 21.Qd2 Rxc1
22.Raxc1 Qb6 23.a4 Bh6 24.Rfe1 Nd5 25.f6+ Kxf6 26.Qf2+ Ke6 27.Nxd5 Qxf2+
28.Kxf2 Bxd5 29.Rc7 Kf6 30.Rd1 Be6 31.Rxd6 Bf8 32.Ra6 Bxb4 33.Bd7 Rd8 34.Bxe6 fxe6
35.Rxh7 Kf5 36.Rh5+ Kf6 37.Rh6+ Kf5 38.Raxe6 Rd2+ 39.Ke3  1-0

[Event "Aalborg"]
[Site "Aalborg"]
[Date "1995.??.??"]
[Round "3"]
[White "Kovalev, Andrei"]
[Black "Jakobsen, Lars Veno"]
[Result "1-0"]
[WhiteElo "2505"]
[BlackElo "2310"]

1.e4 c5 2.Nf3 e6 3.d4 cxd4 4.Nxd4 a6 5.Bd3 Qc7 6.O-O Nf6 7.Qe2 d6 8.f4 Nbd7
9.Kh1 Be7 10.Nd2 O-O 11.N2f3 Nc5 12.Bd2 b5 13.b4 Nxd3 14.cxd3 Bb7 15.f5 e5
16.Rac1 Qd7 17.Nb3 Rac8 18.g4 Rxc1 19.Bxc1 Rc8 20.g5 Ne8 21.f6 Bf8 22.fxg7 Bxg7
23.Nh4 Qh3 24.Nf5 Rc2 25.Bd2 Rxa2 26.Qf2 f6 27.gxf6 Bxf6 28.Nxd6 Qxd3 29.Qg2+ Bg7
30.Nxb7 Qxb3 31.Nc5 Qb2 32.Ne6 Ra1 33.Be1 Qxg2+ 34.Kxg2 Nd6 35.Nc5 Nc4 36.Rg1 Bh6
37.Kf3+ Kf7 38.Rh1 Bd2 39.Ke2 Bxb4 40.Rf1+ Kg6 41.Bxb4 Ra2+ 42.Kd3 a5 43.Bc3 Rxh2
44.Rf3 Rg2 45.Nd7 a4 46.Nxe5+ Nxe5+ 47.Bxe5 a3 48.Rf6+ Kg5 49.Rb6 h5 50.Rxb5 Kg6
51.Ke3 Kf7 52.Kf3 Rc2 53.Rb6 a2 54.Rf6+ Ke7 55.Ra6 Rd2 56.Bf4 Rc2 57.e5  1-0

[Event "Aceimar op"]
[Site "Aceimar"]
[Date "1995.??.??"]
[Round "?"]
[White "Rodriguez Lopez, Rafael"]
[Black "Strikovic, Aleksa"]
[Result "0-1"]
[WhiteElo "2315"]
[BlackElo "2445"]

1.e4 c5 2.Nf3 e6 3.d4 cxd4 4.Nxd4 a6 5.Bd3 Nf6 6.O-O d6 7.c4 g6 8.Nc3 Bg7
9.Qe2 Nbd7 10.Nf3 Qc7 11.Rd1 O-O 12.Bg5 Re8 13.Rac1 h6 14.Bf4 g5 15.Bd2 b6
16.b3 Bb7 17.Bb1 Rac8 18.h4 g4 19.Nh2 g3 20.fxg3 d5 21.Bf4 Qc5+ 22.Kh1 e5
23.Be3 d4 24.Bg1 Qa3 25.Nd5 Nxd5 26.exd5 Bxd5 27.Rc2 Be6 28.g4 Qe7 29.Bf2 f5
30.gxf5 Bxf5 31.Rcc1 Bxb1 32.Rxb1 Nc5 33.Nf3 d3 34.Qe3 e4 35.Nd2 Rcd8 36.Re1 Bd4
37.Qg3+ Qg7 38.Qxg7+ Kxg7 39.Bxd4+ Rxd4 40.Re3 a5 41.Rf1 Re6 42.Kg1 Rf6 43.Rg3+ Kf7
44.Rxf6+ Kxf6 45.Kf2 Rd8 46.Ke3 Kf5 47.h5 a4 48.b4 Nd7 49.Nxe4 Ne5 50.Nd2 Ng4+
51.Kf3 Rd4 52.Rh3 Rf4+ 53.Kg3 Rf2 54.Rh4 Rxd2 55.Rxg4 Rxa2 56.Rf4+ Ke5 57.Rf1 a3
58.Kf3 Kd4 59.Rc1 Rc2 60.Ra1 a2  0-1

[Event "Aceimar op"]
[Site "Aceimar"]
[Date "1995.??.??"]
[Round "?"]
[White "Gonzalez Diaz, Julio"]
[Black "Adla, Diego"]
[Result "0-1"]
[WhiteElo "2040"]
[BlackElo "2440"]

1.e4 c5 2.Nf3 e6 3.d4 cxd4 4.Nxd4 a6 5.Bd3 Bc5 6.Nb3 Ba7 7.Qe2 Nc6 8.Be3 d6
9.Bxa7 Rxa7 10.O-O Nf6 11.Kh1 O-O 12.f4 e5 13.f5 b5 14.c4 Nb4 15.Nc3 Nxd3
16.Qxd3 bxc4 17.Qxc4 a5 18.Qe2 a4 19.Nd2 Ba6 20.Nc4 Rc7 21.b3 Qa8 22.Nd5 Nxd5
23.exd5 f6 24.Qe4 Rb8 25.Rf3 Rc5 26.Rd1 axb3 27.axb3 Rb4 28.Rc3 Qc8 29.Rdc1 Qd7
30.Rd1 Qc7 31.Rdc1 Qb8 32.Qf3 Bxc4 33.bxc4 Rcxc4 34.Rxc4 Rxc4 35.Ra1 Qc8
36.Qd1 Qxf5 37.Qb3 Qc8 38.Qb1 h6 39.h3 e4 40.Kh2 Qe8 41.Qb2 e3 42.Ra7 e2
43.Qb7 Qe5+ 44.g3 Qxg3+  0-1

[Event "Cseppko op"]
[Site "Aggtelek"]
[Date "1995.??.??"]
[Round "?"]
[White "Sleisz, Tamas"]
[Black "Szeberenyi, Adam"]
[Result "1-0"]
[WhiteElo "2285"]
[BlackElo "2015"]

1.e4 c5 2.Nf3 e6 3.d4 cxd4 4.Nxd4 a6 5.Bd3 Bc5 6.Nb3 Ba7 7.Nc3 Nc6 8.Qe2 Nge7
9.Be3 b5 10.a3 d6 11.O-O Bxe3 12.Qxe3 O-O 13.Rad1 Qc7 14.Qg3 b4 15.Ne2 bxa3
16.bxa3 Ne5 17.f4 Nxd3 18.Qxd3 d5 19.e5 a5 20.Nbd4 Ba6 21.Qe3 Nc6 22.Nxc6 Qxc6
23.Nd4 Qc7 24.Rf3 Rae8 25.Re1 Bc4 26.Rg3 Qd7 27.f5 exf5 28.Rxg7+ Kxg7 29.Qg5+ Kh8
30.Qf6+ Kg8 31.Nxf5 Qxf5 32.Qxf5 Re6 33.h4 Rfe8 34.Re3 Rg6 35.h5 Rg7 36.c3 Re6
37.Rf3 h6 38.a4 Rb6 39.Rf2 Kh8 40.Qc8+ Kh7 41.Qc7 Rb1+ 42.Kh2 Kg8 43.Qd8+  1-0

[Event "Alma Ata"]
[Site "Alma Ata"]
[Date "1995.??.??"]
[Round "6"]
[White "Kaiumov, Dmitry D"]
[Black "Barua, Dibyendu"]
[Result "1-0"]
[WhiteElo "2435"]
[BlackElo "2515"]

1.e4 c5 2.Nf3 e6 3.d4 cxd4 4.Nxd4 a6 5.Bd3 Nf6 6.O-O Qc7 7.Qe2 d6 8.c4 Be7
9.Nc3 O-O 10.f4 Nc6 11.Nf3 Re8 12.Kh1 Nd7 13.Bd2 Nc5 14.Bc2 b6 15.Rae1 Bb7
16.a3 Rac8 17.e5 g6 18.exd6 Qxd6 19.b4 Nd7 20.Ne4 Qc7 21.Bc3 a5 22.Ba4 axb4
23.axb4 Ra8 24.Bb5 Ra3 25.Qd2 Rd8 26.Qb2 Rxc3 27.Nxc3 Nxb4 28.Rd1 Nf6 29.Ne5 Rxd1
30.Rxd1 Qc5 31.Qe2 Kg7 32.Na4 Qc7 33.Qf2 Be4 34.Qd4 Qb7 35.Rd2 Nc2 36.Qf2 Na3
37.Qxb6 Qa8 38.Nc3 Bb7 39.Ra2 Bb4 40.Qe3 Qd8 41.h3 Nh5 42.Kh2 Qc7 43.Ne2 g5
44.Kh1 Qd6 45.Ba4 f6 46.Qa7 Qe7 47.Nd7 Be4 48.fxg5 Nxc4 49.Qd4 Bd5 50.Nxf6 Nxf6
51.gxf6+  1-0

[Event "Alma Ata"]
[Site "Alma Ata"]
[Date "1995.??.??"]
[Round "10"]
[White "Kaiumov, Dmitry D"]
[Black "Dzuban, Oleg I"]
[Result "0-1"]
[WhiteElo "2435"]
[BlackElo "2440"]

1.e4 c5 2.Nf3 e6 3.d4 cxd4 4.Nxd4 a6 5.Bd3 Qc7 6.O-O Nf6 7.Qe2 d6 8.c4 Nbd7
9.f4 Be7 10.Nc3 b6 11.Kh1 h5 12.Bd2 h4 13.Rae1 Nh5 14.Kg1 Bb7 15.b4 Bf6 16.e5 dxe5
17.Nxe6 Qd6 18.Ng5 Qd4+ 19.Qe3 Qxe3+ 20.Bxe3 exf4 21.Bc5+ Ne5 22.Bd6 Bxg5
23.Rxe5+ Kd7 24.Rxg5 Kxd6 25.Be2 g6 26.Nd5 Rae8 27.c5+ bxc5 28.bxc5+ Ke6
29.Bg4+ f5 30.Rxg6+ Kxd5 31.Bf3+ Re4 32.Rg5 Ke5 33.Bxh5 Rc4 34.Be2 Rxc5 35.Rg7 Be4
36.Bxa6 Ra8 37.Rg6 Rc2 38.Rf2 Rc1+ 39.Rf1 Rxa6 40.Rxa6 Rxf1+ 41.Kxf1 Bd3+  0-1

[Event "Altensteig"]
[Site "Altensteig"]
[Date "1995.??.??"]
[Round "3"]
[White "Slobodjan, Roman"]
[Black "Bischoff, Klaus"]
[Result "1/2-1/2"]
[WhiteElo "2500"]
[BlackElo "2550"]

1.e4 c5 2.Nf3 e6 3.d4 cxd4 4.Nxd4 a6 5.Bd3 Ne7 6.O-O Nbc6 7.Nxc6 Nxc6 8.Kh1 g6
9.Nd2 Bg7 10.f4 O-O 11.Nf3 b5 12.f5 Bb7 13.Bg5 f6 14.Be3 Qe7 15.Qe1 gxf5
16.exf5 Nb4 17.fxe6 Nxd3 18.cxd3 dxe6 19.b4 Rfe8 20.Bc5 Qd7 21.d4 Bd5 22.a3 Kh8
23.Qh4 Rg8 24.Rf2 Qe8 25.Ne1 Qg6 26.Be7 f5 27.Nd3 Be4 28.Nf4 Qf7 29.Rd1 Rae8
30.Bg5 Rgf8 31.Nh5 Qg6 32.Nf4 Qf7 33.Nh5 Qg6 34.Nf4  1/2-1/2

[Event "Ankara zt"]
[Site "Ankara"]
[Date "1995.??.??"]
[Round "7"]
[White "Gurcan, Selim"]
[Black "Tosic, Miroslav"]
[Result "0-1"]
[WhiteElo "2295"]
[BlackElo "2420"]

1.e4 c5 2.Nf3 e6 3.d4 cxd4 4.Nxd4 a6 5.Bd3 Nf6 6.O-O d6 7.c4 b6 8.Nc3 Bb7
9.b3 Nbd7 10.Bb2 g6 11.f4 Bg7 12.Qe2 O-O 13.Rad1 Nh5 14.Bb1 Qc7 15.Qf2 Nc5
16.g4 Nxf4 17.Qxf4 e5 18.Qf2 exd4 19.Rxd4 Qe7 20.Nd5 Bxd5 21.exd5 Rae8 22.Rf4 Qe3
23.Bxg7 Qxf2+ 24.R1xf2 Kxg7 25.Kg2 f6 26.Rd2 a5 27.Rff2 Re1 28.Rf1 Re5 29.Kg3 h5
30.h3 Re3+ 31.Kg2 hxg4 32.hxg4 Rh8 33.Rdf2 Nd7 34.Rf3 Re5 35.Bc2 Rg5 36.Kg3 f5
37.Rf4 Nf6 38.Bd1 Nh5+ 39.Kf3 fxg4+ 40.Rxg4 Rf8+ 41.Kg2 Rxf1 42.Kxf1 Rxg4
43.Bxg4 Kf6 44.Kf2 Ke5 45.Ke3 Nf6 46.Be2 g5 47.Bf3 g4 48.Be2 g3 49.Kf3 Ne4
50.Bd3 Nc5 51.Bg6 Kd4 52.Kxg3 Kc3 53.Kf4 Kb2 54.Kf5 Kxa2 55.b4 axb4 56.Kf6 Nd7+
57.Ke7 Ne5 58.Kxd6 Nxg6 59.Kc6 b3  0-1

[Event "Ano Liosia op"]
[Site "Ano Liosia"]
[Date "1995.??.??"]
[Round "7"]
[White "Alexakis, Dimitrios"]
[Black "Kotronias, Vasilios"]
[Result "0-1"]
[WhiteElo "2275"]
[BlackElo "2570"]

1.e4 c5 2.Nf3 e6 3.d4 cxd4 4.Nxd4 a6 5.Bd3 Bc5 6.Nb3 Ba7 7.Nc3 Nc6 8.Qe2 Nge7
9.Be3 b5 10.a3 O-O 11.Bxa7 Rxa7 12.f4 Qb6 13.e5 f6 14.O-O-O fxe5 15.fxe5 Qf2
16.Qe4 Qf4+ 17.Qxf4 Rxf4 18.Rhe1 Rc7 19.Be4 Rh4 20.h3 Rh5 21.Bxc6 Nxc6 22.Ne4 Rxe5
23.Nd6 Rxe1 24.Rxe1 Ne7 25.Rd1 Nd5 26.Na5 Kf8 27.a4 bxa4 28.Nac4 a5 29.Nxa5 Ba6
30.c4 Ke7  0-1

[Event "Antwerp op"]
[Site "Antwerp"]
[Date "1995.??.??"]
[Round "1"]
[White "Micic, Snezana"]
[Black "Akesson, Ralf"]
[Result "0-1"]
[WhiteElo "2215"]
[BlackElo "2465"]

1.e4 c5 2.Nf3 e6 3.d4 cxd4 4.Nxd4 a6 5.Bd3 Nf6 6.c4 Nc6 7.Nxc6 dxc6 8.O-O e5
9.Nc3 Bc5 10.Rb1 Qe7 11.Qc2 Be6 12.a3 a5 13.Bg5 O-O 14.Rbc1 h6 15.Bh4 g5
16.Bg3 Nd7 17.Na4 Bd4 18.c5 h5 19.h3 g4 20.h4 Rfd8 21.Kh2 Nf8 22.Qd2 Kg7
23.f4 exf4 24.Qxf4 Ng6 25.Qg5 Qxg5 26.hxg5 Be3 27.Rc3 Bd2 28.Nb6 Bxc3 29.Nxa8 Be5  0-1

[Event "BEL-chT9596"]
[Site "Antwerp"]
[Date "1995.??.??"]
[Round "3"]
[White "Janssen, Han"]
[Black "Den Boer, Ber"]
[Result "0-1"]
[WhiteElo "2375"]
[BlackElo "2335"]

1.e4 c5 2.Nf3 e6 3.d4 cxd4 4.Nxd4 a6 5.Bd3 d6 6.O-O g6 7.Re1 Bg7 8.Bf1 Nf6
9.Bg5 h6 10.Bh4 O-O 11.Nd2 b5 12.a4 b4 13.Nc4 Bb7 14.Nb3 d5 15.Nca5 Qb6 16.e5 Ne4
17.Qd4 Qxd4 18.Nxd4 Ra7 19.f3 Nc5 20.Ndb3 Nxb3 21.cxb3 Ba8 22.Rac1 Re8 23.Bf2 Rd7
24.Bd4 Bf8 25.Rc2 Be7 26.Rec1 Bb7 27.Rc7 Rxc7 28.Rxc7 Bd8 29.Rxb7 Bxa5 30.Kf2 Nc6
31.Ke3 Nxd4 32.Kxd4 Ra8 33.f4 h5 34.Be2 Kg7 35.f5 gxf5 36.Bxh5 Ra7 37.Rb8 f6
38.exf6+ Kxf6 39.Rf8+ Ke7 40.Rf7+ Kd6 41.Rxa7 Bb6+ 42.Kd3 Bxa7  0-1

[Event "Donau op"]
[Site "Aschach"]
[Date "1995.??.??"]
[Round "2"]
[White "Tschohl, Christof"]
[Black "Hellmayr, Alois"]
[Result "0-1"]
[WhiteElo "1865"]
[BlackElo "2305"]

1.e4 c5 2.Nf3 e6 3.d4 cxd4 4.Nxd4 a6 5.Bd3 g6 6.O-O Bg7 7.c3 Nc6 8.Nxc6 bxc6
9.Bf4 d5 10.Na3 Ne7 11.Qe2 O-O 12.Rfd1 e5 13.Bg3 Qc7 14.c4 dxe4 15.Bxe4 f5
16.Bc2 c5 17.f3 Nc6 18.Ba4 Nd4 19.Qe1 Rb8 20.Rab1 f4 21.Bf2 Bf5 22.Bxd4 Bxb1
23.Bc3 Bf5 24.Ba5 Qb7 25.b3 e4 26.fxe4 Qxe4 27.Qxe4 Bxe4 28.Re1 Bd4+ 29.Kh1 f3  0-1

[Event "Juan Fontclara mem"]
[Site "Asuncion"]
[Date "1995.??.??"]
[Round "4"]
[White "Sieiro Gonzalez, Luis"]
[Black "Jodorcovsky, Paulo"]
[Result "1/2-1/2"]
[WhiteElo "2385"]
[BlackElo "2260"]

1.e4 c5 2.Nf3 e6 3.d4 cxd4 4.Nxd4 a6 5.Bd3 Bc5 6.Nb3 Ba7 7.Nc3 Nc6 8.Qe2 d6
9.Be3 b5 10.O-O Nf6 11.Rad1 e5 12.a4 b4 13.Nb1 Bxe3 14.Qxe3 Be6 15.N1d2 O-O
16.Qe2 a5 17.Bb5 Qc7 18.Nc4 Rfd8 19.Ncd2 Rac8 20.Ba6 Ra8 21.Bb5 Rac8 22.Ba6 Ra8  1/2-1/2

[Event "AUT-chT2O 9495"]
[Site "?"]
[Date "1995.??.??"]
[Round "?"]
[White "Dobias, Richard"]
[Black "Maly, Martin"]
[Result "1-0"]
[WhiteElo "2210"]
[BlackElo "2245"]

1.e4 c5 2.Nf3 e6 3.d4 cxd4 4.Nxd4 a6 5.Bd3 Nf6 6.O-O d6 7.c4 Be7 8.Nc3 O-O
9.Be3 Qc7 10.Rc1 Nbd7 11.f4 Re8 12.Kh1 b6 13.b4 Bb7 14.Qb3 Rac8 15.Rfe1 Qb8
16.Nf3 Qa8 17.Qb1 Bf8 18.Bd4 Nh5 19.Be3 g6 20.Rf1 Bg7 21.Ne2 f5 22.exf5 exf5
23.Bg1 Rxe2 24.Bxe2 Nxf4 25.Bd1 Ne5 26.c5 Be4 27.Qb3+ Kh8 28.Bd4 g5 29.Qe3 Bf6
30.cxd6 Nxg2 31.Rxc8+ Qxc8 32.Qc3 Qe6 33.Bxe5 Bxe5 34.Qxe5+ Qxe5 35.Nxe5 Nf4+
36.Bf3  1-0

[Event "AUT-chT2O 9495"]
[Site "?"]
[Date "1995.??.??"]
[Round "?"]
[White "Dobias, Richard"]
[Black "Rotstein, Arkadij"]
[Result "1/2-1/2"]
[WhiteElo "2210"]
[BlackElo "2490"]

1.e4 c5 2.Nf3 e6 3.d4 cxd4 4.Nxd4 a6 5.Bd3 Nf6 6.O-O Qc7 7.c4 b6 8.Nc3 Bb7
9.Be3 d6 10.f4 Nbd7 11.Qf3 g6 12.Rfe1 Bg7 13.Kh1 O-O 14.Bf2 Rac8 15.Rac1 e5
16.fxe5 Nxe5 17.Qe2 Nfg4 18.Bg3 Nxd3 19.Qxd3 Qxc4 20.Qxc4 Rxc4 21.Nf3 Rfc8
22.Rcd1 Nf6 23.Rxd6 Nxe4 24.Nxe4 Bxe4 25.Rxb6 Rc1 26.Rxa6 Bxb2 27.Kg1 Rxe1+
28.Bxe1 Rc2 29.Rb6 Ba3 30.Bb4 Bxb4 31.Rxb4 Bxf3 32.gxf3 Rxa2 33.Rb5 Kg7 34.Rb6 Rd2
35.Ra6 h5 36.Ra4 Kf6 37.Rf4+ Ke6 38.Ra4 Ke5 39.Re4+ Kf5 40.Ra4 g5 41.h3 Re2
42.Rb4 Ke5 43.h4 Kf6 44.hxg5+ Kxg5 45.Ra4 f5 46.Rc4 h4 47.Ra4 h3 48.Rc4 Rg2+
49.Kf1 Rg3 50.Kf2 h2 51.Rc1 Rh3 52.Kg2 Rh8 53.Kh1 Kf4 54.Rc4+ Kxf3 55.Rh4 Ra8
56.Rh3+ Kg4 57.Rg3+ Kf4 58.Kxh2 Ra2+ 59.Kh3 Ke4 60.Rb3 Re2 61.Rb4+ Kf3 62.Rb3+ Re3
63.Rb2 f4 64.Ra2 Rd3 65.Rb2 Ra3 66.Kh4 Re3 67.Kh3 Rd3 68.Ra2 Rb3 69.Kh4 Ke4
70.Kg4 Rg3+ 71.Kh4 Rd3 72.Kg4 Rg3+ 73.Kh4 Re3 74.Kg4 Rg3+ 75.Kh4  1/2-1/2

[Event "AUT-chT2O 9495"]
[Site "?"]
[Date "1995.??.??"]
[Round "?"]
[White "Wallner, Alfred"]
[Black "Sader, Michael"]
[Result "0-1"]
[WhiteElo "2225"]
[BlackElo "2300"]

1.e4 c5 2.Nf3 e6 3.d4 cxd4 4.Nxd4 a6 5.Bd3 Ne7 6.O-O Nbc6 7.c3 Nxd4 8.cxd4 d5
9.Nc3 dxe4 10.Bxe4 Ng6 11.Re1 Bd6 12.g3 O-O 13.Qh5 Re8 14.Be3 Rb8 15.a4 Bd7
16.Bg2 Bb4 17.Rec1 f5 18.Ne2 Bd6 19.Bd2 Qb6 20.a5 Qd8 21.Nc3 Bb4 22.Bg5 Be7
23.Be3 Bb4 24.d5 e5 25.Bb6 Qf6 26.Bc7 Rbc8 27.d6 Bxd6 28.Bxd6 Qxd6 29.Bxb7 Rb8
30.Rd1 Qe7 31.Bd5+ Kh8 32.Qe2 e4 33.Bc4 Bc8 34.Nd5 Qe5 35.Nb6 f4 36.Rd5 Qf6
37.Rad1 e3 38.fxe3 fxg3 39.hxg3 Be6 40.Rd6 Ne5 41.Rf1 Bxc4 42.Nxc4 Qg5 43.Rd4 Nxc4
44.Rxc4 Qxg3+ 45.Qg2 Qxe3+ 46.Kh1 Re6 47.Rh4 Rh6 48.Qh2 Rxh4 49.Qxh4 h6 50.Qc4 Qa7
51.Rf7 Qa8+ 52.Kg1 Rc8 53.Rc7 Rg8 54.Rc6 Qd8 55.Qc3 Qg5+ 56.Kh2 Rd8 57.Rc8 Qh4+  0-1

[Event "AUT-chT2O 9495"]
[Site "?"]
[Date "1995.??.??"]
[Round "?"]
[White "Neubauer, Martin"]
[Black "Sader, Michael"]
[Result "1/2-1/2"]
[WhiteElo "2270"]
[BlackElo "2300"]

1.e4 c5 2.Nf3 e6 3.d4 cxd4 4.Nxd4 a6 5.Bd3 g6 6.c4 Bg7 7.Nf3 Nf6 8.O-O d6
9.Nc3 O-O 10.Bg5 h6 11.Bf4 Nh5 12.Be3 Qc7 13.Qd2 Kh7 14.Rac1 Nd7 15.Rfd1 Re8
16.Bb1 Bf8 17.b3 b6 18.Kh1 Bb7 19.Qe2 Nhf6 20.Nh4 Nc5 21.Qf3 Bg7 22.Bd4 Qe7
23.Qh3 e5  1/2-1/2

[Event "Badalona op"]
[Site "Badalona"]
[Date "1995.??.??"]
[Round "5"]
[White "Korneev, Oleg"]
[Black "Vidarte Morales, Arturo"]
[Result "1-0"]
[WhiteElo "2605"]
[BlackElo "2355"]

1.e4 c5 2.Nf3 e6 3.d4 cxd4 4.Nxd4 a6 5.Bd3 Nf6 6.O-O d6 7.Kh1 Be7 8.f4 Qc7
9.Nc3 Nc6 10.Be3 O-O 11.Qf3 Re8 12.Rae1 Bf8 13.Qg3 Nb4 14.e5 Nd7 15.Ne4 Nxd3
16.cxd3 dxe5 17.f5 Qa5 18.fxe6 fxe6 19.Qf3 Nf6 20.Nxf6+ gxf6 21.Qxf6 Qc7
22.Nf3 Bg7 23.Qh4 Qd8 24.Qh5 Rf8 25.Ng5 h6 26.Nf7 Qxd3 27.Bxh6 Qh7 28.Re3  1-0

[Event "Hofmann Cup"]
[Site "Baden-Baden"]
[Date "1995.??.??"]
[Round "2"]
[White "Sandor, Christian"]
[Black "Bezold, Michael"]
[Result "0-1"]
[WhiteElo "2385"]
[BlackElo "2490"]

1.e4 c5 2.Nf3 e6 3.d4 cxd4 4.Nxd4 a6 5.Bd3 Bc5 6.Nb3 Ba7 7.Qe2 Nc6 8.Nc3 d6
9.g4 b5 10.h4 Nge7 11.g5 e5 12.Bd2 Be6 13.h5 Qb6 14.Nd1 d5 15.Ne3 O-O-O 16.O-O-O dxe4
17.Bxe4 a5 18.Kb1 a4 19.Nc1 Rd4 20.Ng4 Rd7 21.Be3 Nd4 22.Bxd4 exd4 23.h6 g6
24.Ne5 Rc7 25.Qf3 Nf5 26.Ncd3 Rd8 27.Nf4 Nd6 28.Nxe6 fxe6 29.Nc6 Re8  0-1

[Event "Badenweiler op"]
[Site "Badenweiler"]
[Date "1995.??.??"]
[Round "7"]
[White "Vatter, Hans Joachim"]
[Black "Gerstner, Wolfgang"]
[Result "0-1"]
[WhiteElo "2385"]
[BlackElo "2370"]

1.e4 c5 2.Nf3 e6 3.d4 cxd4 4.Nxd4 a6 5.Bd3 Qc7 6.O-O Nf6 7.Kh1 d6 8.f4 Be7
9.Qe2 Nbd7 10.c4 b6 11.b3 Bb7 12.Bb2 O-O 13.Nc3 Rfe8 14.Rae1 Rad8 15.Bb1 Bf8
16.Nf3 g6 17.e5 Nh5 18.Ng5 Bg7 19.Nxh7 dxe5 20.fxe5 Nxe5 21.Ng5 f5 22.Nf3 Nxf3
23.gxf3 Kf7 24.Na4 Ng3+ 25.hxg3 Qxg3 26.Qg2 Bxf3 27.Rxf3 Qxe1+ 28.Rf1 Rh8+
29.Kg1 Qe3+ 30.Qf2 Qg5+ 31.Qg2 Qxg2+ 32.Kxg2 Bxb2 33.Nxb6 Rd2+  0-1

[Event "Balatonbereny op"]
[Site "Balatonbereny"]
[Date "1995.??.??"]
[Round "1"]
[White "Videki, Sandor"]
[Black "Porubszky Angyalosine, Maria A"]
[Result "1-0"]
[WhiteElo "2470"]
[BlackElo "2200"]

1.e4 c5 2.Nf3 e6 3.d4 cxd4 4.Nxd4 a6 5.Bd3 g6 6.O-O Bg7 7.Nb3 Ne7 8.Nc3 d5
9.exd5 Nxd5 10.Nxd5 Qxd5 11.Qe2 O-O 12.Rd1 Qe5 13.Qxe5 Bxe5 14.c3 Nd7 15.Be4 f5
16.Bxb7 Bxb7 17.Rxd7 Rfd8 18.Rxd8+ Rxd8 19.Bg5 Re8 20.Nc5 Bc8 21.Rd1 Bc7
22.Nd7 Kf7 23.f4 e5 24.Nxe5+ Bxe5 25.fxe5 Rxe5 26.Kf2 Be6 27.b3 Ra5 28.Rd2 Rc5
29.c4 h5 30.Ke3 Rc6 31.Rd8 Rc8 32.Kd4 Rxd8+ 33.Bxd8 Ke8 34.Bg5 Bc8 35.Kc5 Bb7
36.Kb6 Bxg2 37.Kxa6 Kd7 38.Kb6 Be4 39.a3 Bc2 40.b4 Bd3 41.c5 Be4 42.b5  1-0